000 00794nam a2200229 a 4500
001 48298
003 BD-RjUL
005 20211209054509.0
008 160813s2011 bg |||| ||| 000 0 ben d
020 _a9789848689103
_c: Tk. 100.00
035 _a(BD-RjUL)48417
040 _aBD-RjUL
_bben
_cBD-RjUL
_dBD-RjUL
041 _aben
082 _223
_a891.443
_bSAJ 2011
100 1 0 _aছায়েদ, আলী
_9146236
245 1 0 _aযুক্তনীড়ের খন্ডচিত্র /
_cআলী ছায়েদ
260 _aঢাকা :
_bমুক্তদেশ প্রকাশন,
_c২০১১
300 _a৭৯ পৃ. ;
_c২১ সেমি.
650 _aবাংলা উপন্যাস
_9146237
650 _aBengali fiction
_9146238
942 _2ddc
_cBK
999 _c48298
_d48298